AP Computer Science Principles #1 - Statistics

General Stats
  • This quiz has been taken 224 times
  • The average score is 13 of 15
Answer Stats
Hint Answer % Correct
DISPLAY(2*2) 4
100%
DISPLAY(2 mod 2) 0
92%
DISPLAY(4-2) 2
90%
DISPLAY(4*3+2) 14
89%
DISPLAY(4-5) -1
87%
DISPLAY(4+5+6) 15
87%
DISPLAY(46+7) 53
86%
DISPLAY(6/4) 1.5
83%
DISPLAY("1+1" + "1") 1+11
82%
DISPLAY(1 + "a") 1a
82%
DISPLAY("4+5") 4+5
82%
DISPLAY("4-5") 4-5
82%
DISPLAY("4" + "6") 46
82%
DISPLAY("1" + 4) 14
81%
DISPLAY(140 mod 57986) 140
66%
No matching quizzes found
Score Distribution
Percent of People with Each Score
Percentile by Number Answered
Your Score History
You have not taken this quiz